000 00488nam a22001697a 4500
003 OSt
005 20120302151417.0
008 091105t xxu||||| |||| 00| 0 eng d
035 _a१६१९५
040 _cमराठी
100 _aचिटणिस, वैशाली
_99735
222 _aखेळ
245 _aविस्मरणात गेलेले खेळ
260 _aपुणे
_bजयदीप
300 _b३१ पाने
942 _2ddc
_cBOOK
999 _c494494
_d494491